<?xml version="1.0" encoding="UTF-8"?>
<record
    xmlns:xsi="http://www.w3.org/2001/XMLSchema-instance"
    xsi:schemaLocation="http://www.loc.gov/MARC21/slim http://www.loc.gov/standards/marcxml/schema/MARC21slim.xsd"
    xmlns="http://www.loc.gov/MARC21/slim">

  <leader>01063nam a2200253 i 4500</leader>
  <controlfield tag="001">19182</controlfield>
  <controlfield tag="003">ES-MaACL</controlfield>
  <controlfield tag="005">20250825073430.0</controlfield>
  <controlfield tag="007">t|</controlfield>
  <controlfield tag="008">020628s2002    sp           ||||1| spa d</controlfield>
  <datafield tag="020" ind1=" " ind2=" ">
    <subfield code="a">84-95179-65-2</subfield>
  </datafield>
  <datafield tag="080" ind1=" " ind2=" ">
    <subfield code="a">070(460)(063)</subfield>
  </datafield>
  <datafield tag="111" ind1="2" ind2=" ">
    <subfield code="a">Congreso Prensa y Periodismo Especializado</subfield>
    <subfield code="n">(1&#xBA;. </subfield>
    <subfield code="d">2002. </subfield>
    <subfield code="c">Guadalajara)</subfield>
    <subfield code="9">573</subfield>
  </datafield>
  <datafield tag="245" ind1="1" ind2="0">
    <subfield code="a">Prensa y periodismo especializado </subfield>
    <subfield code="b">: (historia y realidad actual) / </subfield>
    <subfield code="c">[I Congreso Prensa y Periodismo Especializado, Guadalajara, 8-10 de mayo de 2002] ; Juan Jos&#xE9; Fern&#xE1;ndez Sanz, Jos&#xE9; Carlos Rueda Laffond, Carlos Sanz Establ&#xE9;s (editores).</subfield>
  </datafield>
  <datafield tag="260" ind1=" " ind2=" ">
    <subfield code="a">Guadalajara : </subfield>
    <subfield code="b">Ayuntamiento, </subfield>
    <subfield code="c">2002.</subfield>
  </datafield>
  <datafield tag="300" ind1=" " ind2=" ">
    <subfield code="a">672 p. : </subfield>
    <subfield code="b">gr&#xE1;f. ; </subfield>
    <subfield code="c">24 cm.</subfield>
  </datafield>
  <datafield tag="650" ind1=" " ind2="4">
    <subfield code="a">Periodismo especializado-</subfield>
    <subfield code="v">Congresos y asambleas.</subfield>
    <subfield code="9">138843</subfield>
  </datafield>
  <datafield tag="650" ind1="0" ind2="4">
    <subfield code="a">Prensa-</subfield>
    <subfield code="v">Congresos y asambleas.</subfield>
    <subfield code="9">16352</subfield>
  </datafield>
  <datafield tag="700" ind1="1" ind2=" ">
    <subfield code="a">Fern&#xE1;ndez Sanz, Juan Jos&#xE9;.</subfield>
    <subfield code="9">50081</subfield>
  </datafield>
  <datafield tag="700" ind1="1" ind2=" ">
    <subfield code="a">Rueda Laffond, Jos&#xE9; Carlos.</subfield>
    <subfield code="9">100525</subfield>
  </datafield>
  <datafield tag="700" ind1="1" ind2=" ">
    <subfield code="a">Sanz Establ&#xE9;s, Carlos.</subfield>
    <subfield code="9">103636</subfield>
  </datafield>
  <datafield tag="852" ind1="4" ind2=" ">
    <subfield code="a">ES-MaACL</subfield>
    <subfield code="j">L-25616 </subfield>
    <subfield code="b">R.131682</subfield>
  </datafield>
  <datafield tag="999" ind1=" " ind2=" ">
    <subfield code="c">19182</subfield>
    <subfield code="d">19182</subfield>
  </datafield>
  <datafield tag="952" ind1=" " ind2=" ">
    <subfield code="0">0</subfield>
    <subfield code="1">0</subfield>
    <subfield code="4">0</subfield>
    <subfield code="7">0</subfield>
    <subfield code="a">ATENEOM</subfield>
    <subfield code="b">ATENEOM</subfield>
    <subfield code="c">DEPO2</subfield>
    <subfield code="d">2008-01-17</subfield>
    <subfield code="e">SC</subfield>
    <subfield code="l">0</subfield>
    <subfield code="o">L-25616</subfield>
    <subfield code="p">1019627</subfield>
    <subfield code="r">2023-02-23 00:00:00</subfield>
    <subfield code="w">2023-02-23</subfield>
    <subfield code="y">MONOGRAFIA</subfield>
  </datafield>
</record>
